Chaîne de mots - Capitales - Statistiques

Statistiques générales
  • Ce quiz a été pris 185 fois
  • Le résultat moyen est 12 sur 21
Statistiques - réponses
Indice Ville % Correct
Célèbre pour l’Acropole et la philosophie antique. Athènes
99%
Le son emblématique des cornemuses résonne dans ses rues. Édimbourg
80%
Capitale bouillonnante des Philippines. Manille
78%
Bordée de fjords et entourée de forêts. Oslo
76%
Capitale aux canaux et au vélo roi. Amsterdam
75%
Métropole asiatique ultramoderne mêlant gratte-ciel et temples. Tokyo
70%
Ville de la Grand-Place et des institutions européennes. Bruxelles
69%
Capitale des prix Nobel et composé d’innombrables îles. Stockholm
69%
Ville administrative du Pakistan, planifiée dans les années 1960. Islamabad
64%
Ville côtière au nord de l'Afrique protégée par de vieux remparts. Rabat
60%
Minuscule capitale dominée par un château princier proche de la Suisse. Vaduz
59%
Point le plus occidental d’Afrique continentale. Dakar
54%
Capitale où la musique salsa et le cigare font partie du quotidien. La Havane
53%
Coupoles dorées dominant le fleuve Dniepr. Kiev
50%
Ville reconstruite après la Seconde Guerre mondiale, connue pour ses larges avenues et monuments soviétiques. Minsk
50%
Capitale européenne où la vieille ville côtoie des quartiers animés, réputée pour ses cafés et sa vie culturelle. Zagreb
46%
Capitale dominée par le mont Ararat. Erevan
43%
Centre politique du Botswana. Gaborone
41%
Mégapole high-tech où cohabitent gratte-ciel et palais royaux. Séoul
41%
Surnommée la « ville verte au soleil », elle abrite un parc national où l’on peut voir des girafes et des lions à quelques minutes du centre-ville. Nairobi
40%
Centre politique au bord de la rivière Rideau dont le nom pourrait très bien être celui d'une ville japonaise. Ottawa
31%
Aucun quiz correspondant
Distribution des résultats
% des personnes avec chaque résultat
Percentile par nombre de réponses
Votre historique - résultats
Vous n’avez pas pris ce quiz